=LDR 00000nam 2200000 4500 =001 INLIS000000000036879 =005 20130612142635 =008 ***********************************Ind** =035 ##$$0010-061300000036879 =041 ##$$a Ind =082 ##$$a 646.4 =090 ##$$a 646.4, Vic s =100 ##$$a Victoria, Dian =245 ##$$a Spirit of cocktail, 100 kreasi gaun pesta cocktail, Dian Victoria ; editor, Nana Lystiani =260 ##$$a 2011 $b Jakarta =300 ##$$a 67 hlm, ilus, 25 cm =650 ##$$a Pakaian pesta-mode =700 ##$$a Lystiani =850 ##$$a NBPNMAT